| 000 | nam a22 7a 4500 | ||
|---|---|---|---|
| 999 |
_c128852 _d128852 |
||
| 008 | 190130b xxu||||| |||| 00| 0 eng d | ||
| 050 | _aBJ1581.2.M571 1989 | ||
| 100 |
_aMerrill, Roger A. _944258 |
||
| 245 |
_aConnections _bquadrant 11 time management _cA. Roger Merrill with rebecca R. Merrill |
||
| 250 | _aRev. ed. | ||
| 260 |
_aUtah _bThe Institute for Principle-Centered Leadership _c1989 |
||
| 300 |
_av, 152p. ; _c23cm. |
||
| 650 |
_aConduct of life _97244 |
||
| 650 |
_aTime management _944259 |
||
| 942 |
_2lcc _cMONOGRAPH |
||